Filme mit Louis de Funès - Statistiken

Allgemein
  • Dieses Quiz wurde 107 mal gespielt
  • Das Durchschnittsergebnis liegt bei 15 aus 20
Antwortstatistiken
Jahr Titel % Korrekt
1965 Louis, das Schlitz{ohr}
97%
1968 Balduin, das Nacht{gespenst}
96%
1964 Bei Oscar ist ’ne {Schraube} locker
95%
1970 Alles tanzt nach meiner {Pfeife}
92%
1964 Der Gendarm von Saint {Tropez}
92%
1976 Brust oder {Keule}
89%
1980 Louis, der Geiz{kragen}
89%
1967 Balduin, der Ferien{schreck}
82%
1958 Fisch oder {Fleisch}
81%
1963 Quietsch… quietsch… wer bohrt denn da nach {Öl}?
76%
1981 Louis und seine außerirdischen {Kohlköpfe}
72%
1971 Balduin, der Sonntags{fahrer}
69%
1967 {Fantomas} bedroht die Welt
69%
1968 Balduin, der Heirats{muffel}
66%
1979 Louis’ unheimliche Begegnung mit den {Außerirdischen}
66%
1978 Der Quer{kopf}
65%
1971 Hasch mich – ich bin der {Mörder}
59%
1964 Balduin der {Geldschrank}knacker
53%
1969 Onkel Paul, die große {Pflaume}
35%
1964 {Radieschen} von unten
32%
Keine übereinstimmenden Quizze gefunden
Verteilung der Resultate
Anzahl Personen mit jedem Resultat
Perzentil nach korrekt beantworteten Fragen
Ihre Resultats-Entwicklung
Sie haben dieses Quiz noch nicht gespielt